| 000 | 02515nam0a2200397 4500 | ||
|---|---|---|---|
| 001 | RU\NLR\BIBL_A\012689668 | ||
| 005 | 20250128194045.0 | ||
| 010 |
_a978-5-295-07577-3 _97750 |
||
| 021 |
_aRU _bКН-П-21-066393 _9КН-П-21-5241 |
||
| 035 | _a(NLR Aleph) 012689668 | ||
| 035 | _a(RuMoRGB)010818488 | ||
| 090 |
_a13306796 _c13306796 |
||
| 100 | _a20220120d2021 c y0rusy50 ca | ||
| 101 | 0 | _abak | |
| 102 | _aRU | ||
| 105 | _aa 000|y | ||
| 181 | 1 |
_ai _b e |
|
| 182 | 1 | _an | |
| 200 | 1 |
_aАфарин _eэш дәфтәре _e[уҡытыу рус телендә алып барылған дөйөм белем биреү ойошмаларының 2-се кл. өсөн башҡорт телен (дәүләт теле булараҡ) һәм Башҡортостан мәҙәниәтен өйрәнеү өсөн] _fС. М. Уйылданова, Б. З. Астанова, И. В. Нафиҡова һ. б. |
|
| 203 |
_aТекст _bвизуальный _cнепосредственный |
||
| 210 |
_aӨфө _cКитап _d2021 |
||
| 215 |
_a30 б. _cцв. ил. _d26 |
||
| 541 | 1 |
_aРабочая тетрадь к учебному пособию "Афарин" _eдля 2 кл. для изучения башк. яз. (как гос.) и культуры Башкортостана в общеобразоват. орг. с рус. яз. обучения. _zrus |
|
| 606 |
_aБашкирский язык _xРабочие тетради для начальной школы _2RuMoRKP |
||
| 606 |
_aФилологические науки. Художественная литература _xЯзыкознание _xТюркские языки _xСеверо-западная (кыпчакская) группа языков _xБашкирский язык _xПреподавание и методика изучения языка _xУчебники и учебные пособия общего характера _xУчебные пособия для начальной школы _2rubbk |
||
| 675 |
_a373.167.1:811.512.141 _v4 |
||
| 675 |
_a811.512.141(075.2) _v4 |
||
| 686 | _aШ163.22-93рус21[2] | ||
| 686 | 1 | _aТ3(2Р-6Б)-7 | |
| 701 | 1 |
_aУйылданова _bС. М. ҡыҙы _gСулпан Мәүләүи ҡыҙы |
|
| 701 | 1 |
_aАстанова _bБ. З. ҡыҙы _gБаныу Зарим ҡыҙы |
|
| 701 | 1 |
_aНафиҡова _bИ. В. ҡыҙы _gИлсиә Вәлиулла ҡыҙы |
|
| 852 |
_aNLR _bОНЛ _jБашк./4-641 |
||
| 942 | _cBOOK | ||
| 980 | _aNB | ||